Note d'arte

Guardado en:
Detalles Bibliográficos
Autor principal: Ghedini, Fernando A (Autor)
Formato: Libro
Lenguaje:italiano
Publicado: Milán Ducato 1940
Materias:
Etiquetas: Agregar Etiqueta
Sin Etiquetas, Sea el primero en etiquetar este registro!

MARC

LEADER 00000nam a2200000 a 4500
001 UCZ5514
003 CL-VaPUC
008 951123e19400000IT |||||||||||||||||ita|d
082 0 4 |a 759  |b GHE  |2 21 
100 0 |a Ghedini, Fernando A  |e author  |9 349559 
245 1 0 |a Note d'arte 
300 |a 223 p 
942 |c BK 
945 |d 19951123 00:00:00  |a rleighto 
260 |a Milán  |b Ducato  |c 1940 
600 0 |a El Greco   |9 341177 
600 0 |a Rubens, Pedro Pablo   |d 1577-1640  |9 340397 
600 0 7 |a TINTORETTO  |2 CL-VaPUC  |9 339577 
600 0 7 |a VELAZQUEZ, DIEGO DE  |2 CL-VaPUC  |9 269210 
600 0 |a Goya y Lucientes, Francisco José de   |9 315215 
650 0 |a Artes  |9 268202 
650 0 |a Arte antiguo  |9 330766 
650 0 |a Obras de arte  |9 337253 
650 0 |a Artistas   |9 262026 
650 7 |a CUADROS  |2 CL-VaPUC  |9 349560 
650 0 |a Pintura  |9 265046 
650 7 |a COLECCIONESPRIVADAS  |2 CL-VaPUC  |9 349561 
650 0 |a Colecciones artísticas   |9 348038 
650 7 |a COLECCIONES DE MUSEOS  |2 CL-VaPUC  |9 349562 
583 |a last modification  |c 19951123 00:00:00  |k Rodrigo Vera 
999 |c 241816  |d 241814 
952 |0 0  |1 0  |4 0  |6 759_000000000000000_GHE_1940  |7 0  |8 A  |9 254308  |a BIBART  |b BIBART  |d 2019-11-19  |i 3146634  |o 759 GHE 1940  |p 3146634  |r 2025-03-13  |w 2019-11-19  |y BK  |k ART